000 00575nam a22001337a 4500
020 _a978-0-143-42432-1
082 _aTHA/S
100 _aTHAROOR, SHASHI
245 _aSHOW BUSINESS
260 _aHARYANA
_bPENGUIN BOOKS
_c2015
300 _a310
520 _aShow Business begins with Ashok Banjara, a superstar in Bollywood, fighting for his life in the intensive care unit of a hospital after an accident on the sets of a film that he is shooting. Suspended between life and death he sees his entire life in Bollywood flashing in front of his eyes like a film.
942 _cBK
999 _c6779
_d6779